<?xml version="1.0" encoding="UTF-8"?>
<record
    xmlns:xsi="http://www.w3.org/2001/XMLSchema-instance"
    xsi:schemaLocation="http://www.loc.gov/MARC21/slim http://www.loc.gov/standards/marcxml/schema/MARC21slim.xsd"
    xmlns="http://www.loc.gov/MARC21/slim">

  <leader>01509nam0a2200337   4500</leader>
  <controlfield tag="001">RU\NLR\bibl\71139</controlfield>
  <controlfield tag="005">20250616095504.0</controlfield>
  <datafield tag="021" ind1=" " ind2=" ">
    <subfield code="a">RU</subfield>
    <subfield code="b">1999-49199</subfield>
    <subfield code="9">2444</subfield>
  </datafield>
  <datafield tag="035" ind1=" " ind2=" ">
    <subfield code="a">(NLR Aleph) 000069407</subfield>
  </datafield>
  <datafield tag="090" ind1=" " ind2=" ">
    <subfield code="a">382001</subfield>
    <subfield code="c">382001</subfield>
  </datafield>
  <datafield tag="100" ind1=" " ind2=" ">
    <subfield code="a">20000221d1999    |||y0rusy50      ca</subfield>
  </datafield>
  <datafield tag="101" ind1="1" ind2=" ">
    <subfield code="a">rus</subfield>
    <subfield code="c">eng</subfield>
  </datafield>
  <datafield tag="102" ind1=" " ind2=" ">
    <subfield code="a">RU</subfield>
  </datafield>
  <datafield tag="105" ind1=" " ind2=" ">
    <subfield code="a">a   |||||||||</subfield>
  </datafield>
  <datafield tag="200" ind1="1" ind2=" ">
    <subfield code="a">&#x41F;&#x440;&#x438;&#x43C;&#x435;&#x43D;&#x435;&#x43D;&#x438;&#x435; &#x441;&#x442;&#x440;&#x430;&#x442;&#x435;&#x433;&#x438;&#x438; &#x43F;&#x440;&#x430;&#x43A;&#x442;&#x438;&#x447;&#x435;&#x441;&#x43A;&#x43E;&#x439; &#x43B;&#x438;&#x43A;&#x432;&#x438;&#x434;&#x430;&#x446;&#x438;&#x438; &#x43A; &#x441;&#x44B;&#x440;&#x44C;&#x44E; &#x445;&#x438;&#x43C;&#x438;&#x447;&#x435;&#x441;&#x43A;&#x43E;&#x439; &#x43F;&#x440;&#x43E;&#x43C;&#x44B;&#x448;&#x43B;&#x435;&#x43D;&#x43D;&#x43E;&#x441;&#x442;&#x438; - &#x445;&#x43B;&#x43E;&#x440;&#x443;</subfield>
    <subfield code="e">&#x421;&#x43F;&#x435;&#x446;. &#x438;&#x441;&#x441;&#x43B;&#x435;&#x434;.</subfield>
    <subfield code="e">&#x421;&#x43E;&#x43E;&#x431;&#x449;. &#x434;&#x43B;&#x44F; &#x420;&#x413; &#x43F;&#x43E; &#x43F;&#x440;&#x430;&#x43A;&#x442;. &#x43B;&#x438;&#x43A;&#x432;&#x438;&#x434;&#x430;&#x446;&#x438;&#x438; &#x43F;&#x440;&#x43E;&#x43C;. &#x43F;&#x440;-&#x432;&#x430; &#x438; &#x438;&#x441;&#x43F;&#x43E;&#x43B;&#x44C;&#x437;. &#x432;&#x440;&#x435;&#x434;. &#x445;&#x438;&#x43C;. &#x432;&#x435;&#x449;&#x435;&#x441;&#x442;&#x432;. &#x41C;&#x430;&#x440;&#x442; 30.1993</subfield>
    <subfield code="f">&#x422;. &#x41C;&#x44E;&#x438;&#x440;, &#x422;. &#x42D;&#x434;&#x435;&#x440;, &#x420;. &#x41C;&#x430;&#x43B;&#x434;&#x443;&#x43D;, &#x421;. &#x41B;&#x435;&#x440;&#x43D;&#x435;&#x440;</subfield>
    <subfield code="g">[&#x41F;&#x435;&#x440;. &#x441; &#x430;&#x43D;&#x433;&#x43B;. &#x415;. &#x41C;&#x430;&#x440;&#x43A;&#x43E;&#x432;&#x430;]</subfield>
  </datafield>
  <datafield tag="210" ind1=" " ind2=" ">
    <subfield code="a">&#x418;&#x440;&#x43A;&#x443;&#x442;&#x441;&#x43A;</subfield>
    <subfield code="c">&#x411;&#x430;&#x439;&#x43A;&#x430;&#x43B;. &#x44D;&#x43A;&#x43E;&#x43B;&#x43E;&#x433;. &#x432;&#x43E;&#x43B;&#x43D;&#x430;</subfield>
    <subfield code="d">1999</subfield>
  </datafield>
  <datafield tag="215" ind1=" " ind2=" ">
    <subfield code="a">32,[1] &#x441;.</subfield>
    <subfield code="c">&#x438;&#x43B;.</subfield>
    <subfield code="d">29</subfield>
  </datafield>
  <datafield tag="320" ind1=" " ind2=" ">
    <subfield code="a">&#x411;&#x438;&#x431;&#x43B;&#x438;&#x43E;&#x433;&#x440;.: &#x441;. 29-32 (104 &#x43D;&#x430;&#x437;&#x432;.)</subfield>
  </datafield>
  <datafield tag="606" ind1="0" ind2=" ">
    <subfield code="a">&#x425;&#x43B;&#x43E;&#x440;</subfield>
    <subfield code="x">&#x422;&#x43E;&#x43A;&#x441;&#x438;&#x447;&#x43D;&#x43E;&#x441;&#x442;&#x44C;</subfield>
    <subfield code="9">2155494</subfield>
    <subfield code="3">RU\NLR\auth\661297686</subfield>
  </datafield>
  <datafield tag="606" ind1="0" ind2=" ">
    <subfield code="a">&#x41E;&#x43A;&#x440;&#x443;&#x436;&#x430;&#x44E;&#x449;&#x430;&#x44F; &#x441;&#x440;&#x435;&#x434;&#x430;</subfield>
    <subfield code="x">&#x417;&#x430;&#x433;&#x440;&#x44F;&#x437;&#x43D;&#x435;&#x43D;&#x438;&#x435; &#x445;&#x43B;&#x43E;&#x440;&#x43E;&#x43C;</subfield>
    <subfield code="9">1797680</subfield>
    <subfield code="3">RU\NLR\auth\66809676</subfield>
  </datafield>
  <datafield tag="686" ind1=" " ind2=" ">
    <subfield code="a">&#x41B;10-642</subfield>
  </datafield>
  <datafield tag="701" ind1=" " ind2="1">
    <subfield code="a">&#x41C;&#x44E;&#x438;&#x440;</subfield>
    <subfield code="b">&#x422;.</subfield>
    <subfield code="4">070</subfield>
  </datafield>
  <datafield tag="701" ind1=" " ind2="1">
    <subfield code="a">&#x42D;&#x434;&#x435;&#x440;</subfield>
    <subfield code="b">&#x422;.</subfield>
    <subfield code="4">070</subfield>
  </datafield>
  <datafield tag="701" ind1=" " ind2="1">
    <subfield code="a">&#x41C;&#x430;&#x43B;&#x434;&#x443;&#x43D;</subfield>
    <subfield code="b">&#x420;.</subfield>
    <subfield code="4">070</subfield>
  </datafield>
  <datafield tag="701" ind1=" " ind2="1">
    <subfield code="a">&#x41B;&#x435;&#x440;&#x43D;&#x435;&#x440;</subfield>
    <subfield code="b">&#x421;.</subfield>
    <subfield code="4">070</subfield>
  </datafield>
  <datafield tag="801" ind1=" " ind2="0">
    <subfield code="a">RU</subfield>
    <subfield code="b">NLR</subfield>
    <subfield code="c">20000221</subfield>
    <subfield code="g">PSBO</subfield>
  </datafield>
  <datafield tag="801" ind1=" " ind2="1">
    <subfield code="a">RU</subfield>
    <subfield code="b">NLR</subfield>
    <subfield code="c">20000221</subfield>
  </datafield>
  <datafield tag="852" ind1=" " ind2=" ">
    <subfield code="a">NLR</subfield>
    <subfield code="j">99-8/2687</subfield>
  </datafield>
  <datafield tag="942" ind1=" " ind2=" ">
    <subfield code="c">BOOK</subfield>
  </datafield>
  <datafield tag="980" ind1=" " ind2=" ">
    <subfield code="a">NB</subfield>
  </datafield>
  <datafield tag="995" ind1=" " ind2=" ">
    <subfield code="5">2000-02-21</subfield>
    <subfield code="a">ad</subfield>
    <subfield code="b">NLR01</subfield>
    <subfield code="c">NLR01</subfield>
    <subfield code="e">RF8</subfield>
    <subfield code="f">6872</subfield>
    <subfield code="k">99-8/2687</subfield>
    <subfield code="o">0</subfield>
    <subfield code="r">BOOK</subfield>
    <subfield code="s">9982687_</subfield>
  </datafield>
  <datafield tag="995" ind1=" " ind2=" ">
    <subfield code="5">2000-02-21</subfield>
    <subfield code="a">ad</subfield>
    <subfield code="b">NLR01</subfield>
    <subfield code="c">NLR01</subfield>
    <subfield code="e">RF8</subfield>
    <subfield code="f">6873</subfield>
    <subfield code="k">99-8/2687</subfield>
    <subfield code="o">0</subfield>
    <subfield code="r">BOOK</subfield>
    <subfield code="s">9982687_</subfield>
  </datafield>
</record>
